000 00687nam a2200241Ia 4500
003 OSt
005 20220918224529.0
006 a|||||r|||| 00| 0
007 ta
008 220917b |||||||| |||| 00| 0 eng d
024 _a229,817
037 _cTextual
040 _aARTS
_cARTS
_beng
041 _2eng
_aeng
082 _aV2:(Q2Oj7).N, P4-;1
100 _aMisra Amalendu
_929999
245 0 _aIdentity and religion
_b foundations of anti - islamism in India
260 _aNew Delhi
_bSage Publications India
_c2004
300 _a262p.
_ccm.
650 _aHISTORY
942 _hV2:(Q2Oj7).N, P4-;1
_cTEXL
_2CC
999 _c281542
_d281542